Sports Quiz

Random Sports or NBA Quiz

Most Triple-Doubles in NBA Playoffs Quiz Stats

Quiz Updated Jun 13, 2017

Challenge
Share
Tweet
Embed
Score 0/14 Timer 03:00
13 Plays Today
Years Active Player Name % Correct
2003-PresentLeBron James
95.9%
1980-1996Magic Johnson
87.2%
1980-1992Larry Bird
83.5%
2011-PresentRussell Westbrook
78.6%
1998-2016Tim Duncan
64.3%
1961-1974Oscar Robertson
61.6%
1995-2013Jason Kidd
57.6%
Years Active Player Name % Correct
1960-1973Wilt Chamberlain
54.3%
1988-2004Scottie Pippen
43.7%
2006-PresentRajon Rondo
33.3%
1985-2000Charles Barkley
29.3%
1959-1972Elgin Baylor
29%
1962-1978John Havlicek
27.9%
1968-1980Walt Frazier
12%

You're not logged in!

Compare scores with friends on all Sporcle quizzes.
Sign Up with Email
OR
Log In

You Might Also Like...

Show Comments

Extras

Top Quizzes Today


Score Distribution

Your Account Isn't Verified!

In order to create a playlist on Sporcle, you need to verify the email address you used during registration. Go to your Sporcle Settings to finish the process.